|
|
|
|
| LEADER |
01164nam a2200277 a 4500 |
| 001 |
358807 |
| 008 |
091006s1978 ilua b 001 0 eng d |
| 010 |
|
|
|a \\\77014138
|
| 020 |
|
|
|a 0673151220
|
| 020 |
|
|
|a 0673387720
|
| 040 |
|
|
|a DLC
|c DLC
|d DLC
|
| 082 |
0 |
0 |
|a 371.39/4
|2 18
|
| 100 |
1 |
|
|a Dick, Walter,
|d 1937-
|
| 245 |
1 |
4 |
|a The systematic design of instruction /
|c Walter Dick, Lou Carey.
|
| 260 |
|
|
|a Glenview, Ill. :
|b Scott, Foresman,
|c c1978.
|
| 300 |
|
|
|a 216 p. :
|b ill. ;
|c 23 cm.
|
| 504 |
|
|
|a Includes bibliographies and index.
|
| 541 |
1 |
|
|e 00005172
|
| 650 |
|
0 |
|a Instructional systems
|x Planning.
|
| 650 |
|
0 |
|a Lesson planning.
|
| 650 |
|
0 |
|a Audio-visual materials
|x Planning.
|
| 700 |
1 |
|
|a Carey, Lou,
|e joint author.
|
| 852 |
4 |
|
|a Ayesha Abed Library
|j General shelf
|
| 999 |
|
|
|c 8361
|d 8361
|
| 952 |
|
|
|0 0
|1 0
|2 ddc
|4 0
|6 371_394000000000000_DIC_1978
|7 0
|9 9690
|a BRACUL
|b BRACUL
|c GEN
|d 2010-05-03
|g 0.00
|l 0
|o 371.394 DIC
|p 3010005172
|r 2010-05-03
|t 1
|w 2010-05-03
|y BK
|z Not price in Register
|
| 952 |
|
|
|0 0
|1 0
|2 ddc
|4 0
|6 371_394000000000000_DIC_1978
|7 0
|9 9886
|a BRACUL
|b BRACUL
|c GEN
|d 2010-05-06
|g 0.00
|l 0
|o 371.394 DIC
|p 3010005180
|r 2010-05-06
|t 2
|w 2010-05-06
|y BK
|z Not price in Register
|